1852 1603 1634 1514 1931 1841 1829 1486 1690 1264 1478 1296 1293 1511 1761 1091 1494 1762 1342 1041 1258 1969 1690 1672 1974 1387 1427 1902 1680 1248 1805 1051 1033 1425 1089 1648 1350 1434 1071 1418 1041 1496 1490 1189 1809 1609 1777 1912 1474 1186 1805 1912 1450 1193 1451 1566 1418 1962 1458 1076 1589 1882 1345 1175 1130 1382 1195 1090 1639 1167 1896 1583 1795 1220 1696 1521 1982 1650 1195 1145 1187 1262 1822 1028 1635 1551 1930 1844 1679 1979 1361 1659 1902 1669 1134 1424 1342 1705 1037 BCNSPRNW ULIB Ver.6.0+V

เปลี่ยนเป็นภาษาไทย

Change to English
 แสดงรายละเอียดบรรณานุกรม
  กลับหน้าหลัก

Brief Record : Get Marc (ISO 2709) : E-mail record : QR code < ปิดหน้าต่าง
LEADER : 00000nam 2200000uu 4500
001    13399114829
003     ULIB
008    020711s|||| th a 000 0 eng d
245    ^aพ่อ...แม่...ฉัน อะไรกันนี่
260    ^a ^bม.ป.ท.,^cม.ป.ป.
945    ^p0^l0^i024507
999    ^aวรรณษา ชูชัยมงคล
รายการนี้ยังไม่มีแท็ก
คุณยังไม่ได้ล็อกอิน คุณสามารถมีกิจกรรมร่วมกับเว็บไซต์ได้ แต่ต้องล็อกอินก่อน ::
  ล็อกอิน

รายการสื่อสารสนเทศ

ลำดับที่ ประเภท เลขเรียก/บาร์โค้ด สถานที่ สถานะ
- ไม่พบข้อมูล -

รายการใกล้เคียง
    ผู้แต่ง []

BibComment


ยังไม่เคยถูกคอมเมนท์

คอมเมนท์ทรัพยากรรายการนี้
  คอมเมนท์: พ่อแม่ฉัน อะไรกั..


 Copyright 2026. Bcnsprnw @Library